000 00577nam a2200193 4500
001 148442
003 ES-MaACL
005 20230906202633.0
007 t|
008 070214s1971 sp r ||||1| spa d
100 1 _aStravinsky, Igor.
_9139612
245 1 0 _aIdeas y recuerdos /
_cIgor Stravinsky y Robert Craft ; [traducción de: Juan Godó].
250 _a[1ª ed.].
260 _aBarcelona :
_bAymá,
_c1971 (
_fSocitra)
300 _a270 p. ;
_c21 cm.
700 1 _aCraft, Robert.
_941422
700 1 _aGodo Costa, Juan.
_957532
852 _aES-MaACL
_jC-39136
_bR.79542
999 _c148442
_d148442